Normal view
MARC view
- Vendedores ambulantes y venta por menor
Entry Materia
001 - NÚMERO DE CONTROL DEL REGISTRO
- campo de control: 48679
003 - IDENTIFICADOR DE NUMERO DE CONTROL
- campo de control: UPN
005 - FECHA Y HORA DE LA ÚLTIMA TRANSACCIÓN
- campo de control: 20230419112801.0
008 - DATOS DE LONGITUD FIJA
- campo de control de longitud fija: 230419|| aca||babn | a|a d
040 ## - FUENTE DE LA CATALOGACIÓN
- Centro catalogador de origen: MX-MxUPN
- Lengua de catalogación: spa
- Agencia de transcripción: MX-MxUPN
046 ## - FECHAS CON CODIFICACIÓN ESPECIAL
- Fecha final para contenidos agregados: 2023
150 ## - ENCABEZAMIENTO - TEMÁTICO
- Término de materia o nombre geográfico como elemento inicial: Vendedores ambulantes y venta por menor
- Subdivisión geográfica: Ciudad de México
- Subdivisión cronológica: Siglo XIX
670 ## - FUENTE EN LA QUE SE LOCALIZARON DATOS
- Cita de la fuente: Biblioteca GTQ, Catálogo de autoridades, 18 abril 2023:
- Información localizada: encabezamiento (Vendedores ambulantes y venta por menor -- México)
670 ## - FUENTE EN LA QUE SE LOCALIZARON DATOS
- Cita de la fuente: Biblioteca GTQ, Catálogo de autoridades, 2023:
- Información localizada: encabezamiento nombre geográfico (Ciudad de México) subdivisión cronológica (Siglo XIX)
902 ## - CATALOGADOR
- Catalogador: NDAF/180423
